মনোজ বসুর গল্প সমগ্র : (Record no. 239071)
[ view plain ]
| 000 -LEADER | |
|---|---|
| fixed length control field | 00794nam a22002057a 4500 |
| 003 - CONTROL NUMBER IDENTIFIER | |
| control field | BD-DhUL |
| 005 - DATE AND TIME OF LATEST TRANSACTION | |
| control field | 20180308112812.0 |
| 008 - FIXED-LENGTH DATA ELEMENTS--GENERAL INFORMATION | |
| fixed length control field | 180308s1977 ii ||||| |||| 00| 0 ben | |
| 040 ## - CATALOGING SOURCE | |
| Original cataloging agency | BD-DhUL |
| Transcribing agency | BD-DhUL |
| 082 ## - DEWEY DECIMAL CLASSIFICATION NUMBER | |
| Classification number | 891.443 |
| Item number | MAG |
| 100 1# - MAIN ENTRY--PERSONAL NAME | |
| Personal name | বসু, মনোজ |
| 245 10 - TITLE STATEMENT | |
| Title | মনোজ বসুর গল্প সমগ্র : |
| Remainder of title | উত্তর পর্ব / |
| Statement of responsibility, etc. | মনোজ বসু ; ভুদেব চৌধুরী সম্পাদিত |
| 260 ## - PUBLICATION, DISTRIBUTION, ETC. (IMPRINT) | |
| Place of publication, distribution, etc. | কলকাতা : |
| Name of publisher, distributor, etc. | বেঙ্গল, |
| Date of publication, distribution, etc. | ১৯৭৭। |
| 300 ## - PHYSICAL DESCRIPTION | |
| Extent | ৬০৩ পৃ. ; |
| Dimensions | ২১ সেমি. |
| 365 ## - TRADE PRICE | |
| Price type code | IRS |
| Price amount | 20.00 |
| 650 #4 - SUBJECT ADDED ENTRY--TOPICAL TERM | |
| Topical term or geographic name as entry element | বাংলা উপন্যাস |
| 650 #4 - SUBJECT ADDED ENTRY--TOPICAL TERM | |
| Topical term or geographic name as entry element | Bengali fiction |
| 700 1# - ADDED ENTRY--PERSONAL NAME | |
| Personal name | চৌধুরী, ভুদেব |
| Relator term | সম্পা. |
| 942 ## - ADDED ENTRY ELEMENTS (KOHA) | |
| Source of classification or shelving scheme | |
| Koha item type | Books |
| Price effective from | Date last seen | Permanent Location | Not for loan | Date acquired | Source of classification or shelving scheme | Koha item type | Lost status | Withdrawn status | Copy number | Source of acquisition | Collection code | Damaged status | Shelving location | Barcode | Current Location | Full call number |
|---|---|---|---|---|---|---|---|---|---|---|---|---|---|---|---|---|
| 2018-03-08 | 2018-03-08 | Dhaka University Library | 2018-03-08 | Books | 2 | Purchased | Fiction | General Stacks | A177181 | Dhaka University Library | 891.443 MAG | |||||
| 2018-03-08 | 2018-03-08 | Dhaka University Library | 2018-03-08 | Books | 1 | Purchased | Fiction | General Stacks | A177180 | Dhaka University Library | 891.443 MAG |
